LEADER 01223nam a2200289 i 4500 001 000000059212 003 CaOOAMICUS 005 20251118112438.0 008 140324s1980 it u000 u ita u 040 $aSeMil$bita 100 1 $aPizzorni, Reginaldo M.,$c.$0(OLS)http://semarc/name/17665 245 10$aGiustizia e carità /$cReginaldo M. Pizzorni. 250 $a2. ed. interamente rielaborata 264 1$aRoma :$bPontificia Università Lateranense ;$aRoma :$bCittà Nuova,$c1980. 300 $a390 p. ;$c21 cm. 500 $aCopia fotostatica 650 4$aGiustizia - Concezione cristiana.$0(OLS)http://semarc/subject/3574 650 4$aGiustizia ed etica sociale.$0(OLS)http://semarc/subject/58614 850 $aSeMil 852 $aSeMil$W1$xVenegono$y1$m3L VI 5$j262524$B25365$CSeMilBibl$Z2$F25368 $81 900 1 $aPizzorni, Reginaldo. 961 $aOmaggio: Monti don Eros 996 $6245$aGiustizia e carità$9(OLS)http://semarc/title/92478 996 $6264$aRoma :$bPontificia Università Lateranense$9(OLS)http://semarc/publisher/30174 996 $6264$aRoma :$bCittà Nuova$9(OLS)http://semarc/publisher/29609 LEADER 01016nam a2200241 i 4500 001 000000090416 003 CaOOAMICUS 005 20151130000000.0 008 151130s1835 xx u000 u fre u 013 $a62658 040 $aSeMil$bita 100 1 $aBarrelle, Joseph-François .$0(OLS)http://semarc/name/40659 245 13$aLa thaumaturge du 19. siecle, ou Sainte Philomème, vièrge et martyre /$c[le p. Joseph-François Barrelle]. 260 $aParis :$bChez Gaume frères,$c1835. 300 $aix, 274 p., [1] c. di tav.; ritr. ;$c15 cm. 500 $aPer l'A., cfr. BNF. 650 4$aFilomena .$0(OLS)http://semarc/subject/16563 850 $aSeMil 852 $aSeMil$W1$xVenegono$y1$m3J I 58 FA$j53384$B53384$CSeMilBibl$Z2$F58017 $8I 941 1 $a10 961 $aRecupero: Mantegazza 996 $6245$aLa thaumaturge du 19. siecle, ou Sainte Philomème, vièrge et martyre$9(OLS)http://semarc/title/136396 996 $6260$aParis :$bChez Gaume frères$9(OLS)http://semarc/publisher/37104